Environmental health risk assessment of indoor air quality in Singapore /
محفوظ في:
| المؤلف الرئيسي: | |
|---|---|
| التنسيق: | أطروحة كتاب |
| اللغة: | English |
| منشور في: |
1999.
|
| الوسوم: |
إضافة وسم
لا توجد وسوم, كن أول من يضع وسما على هذه التسجيلة!
|
| LEADER | 00892cam a2200217 a 4500 | ||
|---|---|---|---|
| 001 | u689385 | ||
| 003 | SIRSI | ||
| 008 | 920910s1999 si a v 1 eng m | ||
| 035 | |a ACR-8457 | ||
| 040 | |a UMP | ||
| 096 | |a W84.5 |b NUS 1999 Yap | ||
| 100 | 1 | 0 | |a Yap, Hooi Ming. |
| 245 | 1 | 0 | |a Environmental health risk assessment of indoor air quality in Singapore / |c Yap Hooi Ming. |
| 260 | |c 1999. | ||
| 300 | |a 181 leaves : |b ills. ; |c 30 cm. | ||
| 502 | |a Dissertation (M.Sc.) -- Department of Community, Occupational, and Family Medicine, Faculty of Medicine, National University of Singapore, 1999. | ||
| 504 | |a Bibliography : leaves 155-181. | ||
| 710 | 2 | 0 | |a National University of Singapore. |b Dept. of Community, Occupational and Family Medicine. |
| 948 | |a 23/11/2001 |b 30/03/2004 | ||
| 596 | |a 2 | ||
| 999 | |a W84.5 NUS 1999 YAP |w NLM |c 1 |i A503604826 |d 1/3/2007 |f 1/3/2007 |g 1 |l TESIS |m P02MEDKL |r Y |s Y |t TESIS |u 1/3/2007 | ||
